Religion Quiz

Random Religion or Country Quiz

Non Christian/Muslim/Buddhist/Hindu countries Quiz Stats

Quiz not verified by Sporcle

Also try: Days of Creation
Challenge
Share
Tweet
Embed
Score 0/12 Timer 06:00
0 Plays Today
Area Country % Correct
Oriental AsiaChina
71.2%
Oriental AsiaJapan
71.2%
Middle EastIsrael
66.5%
Oriental AsiaSouth Korea
50.4%
Balkan Albania
42.7%
Former Soviet RepublicEstonia
40.4%
Western EuropeNetherlands
40.4%
Western EuropeFrance
35.4%
EuropeCzech Republic
34.2%
Western AfricaTogo
23.5%
Southern AfricaMadagascar
21.2%
Western AfricaGuinea-Bissau
18.5%

You're not logged in!

Compare scores with friends on all Sporcle quizzes.
Sign Up with Email
OR
Log In

You Might Also Like...

Show Comments

Extras

Top Quizzes Today


Score Distribution

Your Account Isn't Verified!

In order to create a playlist on Sporcle, you need to verify the email address you used during registration. Go to your Sporcle Settings to finish the process.

Report this User

Report this user for behavior that violates our Community Guidelines.

Details: